[Event "20th EUR-ch"]
[Site "Skopje MKD"]
[Date "2019.03.20"]
[Round "3"]
[White "Del Rio Angelis, Salvador Gabriel"]
[Black "Eric, Jovana"]
[Result "1-0"]
[WhiteElo "2464"]
[BlackElo "2205"]
[EventDate "2019.03.18"]
[Board "113"]
[PlyCount "137"]

1.d4 e6 2.Nf3 f5 3.Bf4 Nf6 4.e3 Be7 5.h3 b6 6.Be2 Bb7 7.O-O d6 8.c4 O-O 9.
Nc3 Ne4 10.Nxe4 fxe4 11.Nd2 Bg5 12.Bh2 Nd7 13.Rc1 Qe7 14.Qc2 Nf6 15.c5 
bxc5 16.dxc5 d5 17.c6 Bc8 18.Qc5 Ne8 19.Nb3 a6 20.Qxe7 Bxe7 21.Nc5 Bd6 22.
Bg4 Bxc5 23.Rxc5 Rb8 24.b3 Kf7 25.Rfc1 Ke7 26.Be5 g6 27.Ra5 Nd6 28.Be2 Rf5
29.Bh2 h5 30.g4 hxg4 31.hxg4 Rf7 32.Be5 Rh7 33.Kg2 g5 34.Rc3 Rh4 35.Bg3 
Rh7 36.Be5 Rh4 37.a3 Ra8 38.b4 Rb8 39.Rc1 Rb6 40.Rac5 Rb8 41.Rb1 Ra8 42.
Rcc1 Nf7 43.Bg3 Rh6 44.Bxc7 e5 45.Bb6 Rh4 46.Rh1 Bxg4 47.Bxg4 Rxg4+ 48.Kf1
Rc8 49.c7 d4 50.a4 d3 51.b5 axb5 52.axb5 Rh4 53.Rg1 Kd7 54.Ba5 Nd6 55.b6 
Nb7 56.Bc3 Kc6 57.Bxe5 Na5 58.Bc3 Nb7 59.Rb4 g4 60.Kg2 Rh6 61.Rxe4 Kxb6 
62.Rb1+ Kxc7 63.Be5+ Nd6 64.Rd4 Kd7 65.Rxd3 Ke7 66.Rxd6 Rxd6 67.Bxd6+ Kxd6
68.Rb4 Rg8 69.Kg3 1-0

[Event "20th EUR-ch"]
[Site "Skopje MKD"]
[Date "2019.03.20"]
[Round "3"]
[White "Arnaudov, Petar Georgiev"]
[Black "Smirnova, Ekaterina"]
[Result "1/2-1/2"]
[WhiteElo "2462"]
[BlackElo "2178"]
[EventDate "2019.03.18"]
[Board "114"]
[PlyCount "90"]

1.d4 d5 2.c4 c6 3.Nf3 Nf6 4.Nc3 e6 5.g3 dxc4 6.Bg2 Nbd7 7.a4 Bb4 8.O-O O-O
9.Qc2 Qe7 10.Ne5 Nxe5 11.dxe5 Nd7 12.Qe4 Qc5 13.Bf4 f5 14.exf6 Nxf6 15.Qc2
e5 16.Be3 Qe7 17.a5 a6 18.Na4 Be6 19.Nb6 Rad8 20.Nxc4 Bc5 21.Rac1 Bxe3 22.
Nxe3 Qb4 23.Qc5 Qxc5 24.Rxc5 Rd2 25.Rxe5 Kf7 26.Bf3 Rfd8 27.Rb1 Ba2 28.Ra1
Rxb2 29.Nd1 Rb1 30.Rxb1 Bxb1 31.Nc3 Bc2 32.Rc5 Bb3 33.Kg2 Rd4 34.e3 Rb4 
35.Ne2 Bd5 36.Bxd5+ Nxd5 37.Nd4 g6 38.Kf3 Ke7 39.Nxc6+ bxc6 40.Rxc6 Ra4 
41.Rxa6 Nc7 42.Rc6 Kd7 43.Rf6 Ke7 44.Rc6 Kd7 45.Rf6 Ke7 1/2-1/2

[Event "20th EUR-ch"]
[Site "Skopje MKD"]
[Date "2019.03.20"]
[Round "3"]
[White "Martic, Zlatko"]
[Black "Macovei, Andrei"]
[Result "1-0"]
[WhiteElo "2261"]
[BlackElo "2450"]
[EventDate "2019.03.18"]
[Board "115"]
[PlyCount "75"]

1.e4 c5 2.Nf3 d6 3.d4 cxd4 4.Nxd4 Nf6 5.Nc3 a6 6.Bg5 e6 7.f4 h6 8.Bh4 Qb6 
9.Bxf6 gxf6 10.Qd2 Qxb2 11.Rb1 Qa3 12.f5 b5 13.Be2 h5 14.fxe6 fxe6 15.O-O 
Qc5 16.Kh1 Be7 17.a4 b4 18.Na2 Nc6 19.Nxc6 Qxc6 20.Nxb4 Qc7 21.Nd3 Kf7 22.
Nf4 Qc5 23.Nd3 Qc7 24.Qg5 Bd8 25.Bxh5+ Kf8 26.Rxf6+ Bxf6 27.Qxf6+ Kg8 28.
Rf1 Qg7 29.Bf7+ Kh7 30.Qh4+ Qh6 31.Bg6+ Kxg6 32.Rf6+ Kg7 33.Rxh6 Rxh6 34.
Qe7+ Kg8 35.Qxd6 Bb7 36.Qg3+ Kh8 37.Qe5+ Kg8 38.Qg5+ 1-0

[Event "20th EUR-ch"]
[Site "Skopje MKD"]
[Date "2019.03.20"]
[Round "3"]
[White "Draskovic, Luka"]
[Black "Jandric, Damjan"]
[Result "1-0"]
[WhiteElo "2449"]
[BlackElo "2171"]
[EventDate "2019.03.18"]
[Board "116"]
[PlyCount "91"]

1.c4 Nf6 2.Nf3 g6 3.g3 Bg7 4.Bg2 O-O 5.O-O d6 6.d4 Nc6 7.Nc3 Bg4 8.d5 Na5 
9.Nd2 c5 10.Rb1 a6 11.b3 Rb8 12.h3 Bd7 13.Qc2 b5 14.Bb2 Qc8 15.Kh2 bxc4 
16.bxc4 Rb4 17.a3 Rb7 18.Ba1 Rxb1 19.Rxb1 Qc7 20.Qb2 Ra8 21.e3 Bc8 22.Kg1 
Nd7 23.Nb5 Bxb2 24.Nxc7 Ra7 25.Bxb2 Rxc7 26.Bc3 Nb7 27.f4 Kf8 28.g4 Ke8 
29.Kf2 Nd8 30.a4 Rb7 31.Ra1 f6 32.h4 Nf7 33.g5 f5 34.h5 Nf8 35.Bf3 Bd7 36.
Bd1 e5 37.dxe6 Bxe6 38.hxg6 hxg6 39.Bf3 Rb8 40.Re1 Nd7 41.e4 Kf8 42.a5 Kg8
43.exf5 Bxf5 44.Bd5 Kf8 45.Kg3 Re8 46.Bg7+ 1-0

[Event "20th EUR-ch"]
[Site "Skopje MKD"]
[Date "2019.03.20"]
[Round "3"]
[White "Haldorsen, Benjamin"]
[Black "Maloberti, David"]
[Result "1-0"]
[WhiteElo "2448"]
[BlackElo "2113"]
[EventDate "2019.03.18"]
[Board "117"]
[PlyCount "39"]

1.d4 Nf6 2.Nf3 g6 3.g3 Bg7 4.Bg2 O-O 5.c4 d6 6.O-O Nc6 7.Nc3 e5 8.dxe5 
dxe5 9.Bg5 Be6 10.Qc1 Qc8 11.Rd1 Bxc4 12.Bxf6 Bxf6 13.Ne4 Bxe2 14.Nxf6+ 
Kg7 15.Nh5+ gxh5 16.Qg5+ Kh8 17.Qf6+ Kg8 18.Ng5 Bc4 19.Be4 Rd8 20.Qh6 1-0

[Event "20th EUR-ch"]
[Site "Skopje MKD"]
[Date "2019.03.20"]
[Round "3"]
[White "Gunduz, Umut Erdem"]
[Black "Warmerdam, Max"]
[Result "0-1"]
[WhiteElo "2205"]
[BlackElo "2448"]
[EventDate "2019.03.18"]
[Board "118"]
[PlyCount "56"]

1.e4 c5 2.Nf3 d6 3.d4 cxd4 4.Nxd4 Nf6 5.f3 e5 6.Nb3 d5 7.Bg5 d4 8.Bb5+ Nc6
9.c3 h6 10.Bh4 Qb6 11.Bxc6+ bxc6 12.Bf2 c5 13.O-O Ba6 14.Re1 c4 15.N3d2 
Qxb2 16.cxd4 Nd7 17.Qa4 Bb5 18.Qa5 exd4 19.Na3 Bxa3 20.Rab1 Qc3 21.Qxb5 
Qxd2 22.Qa4 Bc5 23.Rb7 O-O 24.Rxd7 d3 25.Rf1 Bxf2+ 26.Rxf2 Qe1+ 27.Rf1 
Qe3+ 28.Kh1 c3 0-1

[Event "20th EUR-ch"]
[Site "Skopje MKD"]
[Date "2019.03.20"]
[Round "3"]
[White "Kozak, Adam"]
[Black "Terziev, Dimo"]
[Result "1-0"]
[WhiteElo "2445"]
[BlackElo "2041"]
[EventDate "2019.03.18"]
[Board "119"]
[PlyCount "77"]

1.Nf3 Nf6 2.c4 g6 3.Nc3 Bg7 4.e4 d6 5.d4 O-O 6.Be2 e5 7.O-O Nc6 8.Be3 Ng4 
9.Bg5 f6 10.Bh4 g5 11.Bg3 f5 12.exf5 exd4 13.Nb5 Nh6 14.Nfxd4 Nxf5 15.Nxf5
Bxf5 16.Qd2 a6 17.Nc3 Ne5 18.Rae1 Kh8 19.b3 Nd7 20.Rd1 Nc5 21.Rfe1 a5 22.
Bf3 a4 23.Nxa4 Nxa4 24.bxa4 Rxa4 25.c5 Rd4 26.Qa5 b6 27.cxb6 cxb6 28.Qa3 
Re8 29.h3 Rxe1+ 30.Rxe1 Bg6 31.Re6 Bf8 32.Qe3 Rd3 33.Qe2 Rd4 34.Bh5 Bf5 
35.Be5+ dxe5 36.Qxe5+ Kg8 37.Qxf5 Rf4 38.Bf7+ Kg7 39.Rg6+ 1-0

[Event "20th EUR-ch"]
[Site "Skopje MKD"]
[Date "2019.03.20"]
[Round "3"]
[White "Milikow, Yoav"]
[Black "Muradli, Mahammad"]
[Result "0-1"]
[WhiteElo "2200"]
[BlackElo "2444"]
[EventDate "2019.03.18"]
[Board "120"]
[PlyCount "44"]

1.d4 Nf6 2.c4 e6 3.Nc3 Bb4 4.e3 O-O 5.Ne2 d5 6.a3 Bd6 7.Ng3 c6 8.Be2 Nbd7 
9.O-O dxc4 10.Bxc4 e5 11.Qc2 exd4 12.exd4 Nb6 13.Ba2 Bxg3 14.hxg3 Qxd4 15.
Bf4 Qc5 16.Rfe1 Ng4 17.Rad1 Qh5 18.Bd6 Bf5 19.Qb3 Rfe8 20.Re7 Be6 21.Bb8 
Qh2+ 22.Kf1 Bc4+ 0-1

[Event "20th EUR-ch"]
[Site "Skopje MKD"]
[Date "2019.03.20"]
[Round "3"]
[White "Mazur, Stefan"]
[Black "Velkovski, Kristijan"]
[Result "1-0"]
[WhiteElo "2441"]
[BlackElo "2003"]
[EventDate "2019.03.18"]
[Board "121"]
[PlyCount "57"]

1.e4 e5 2.Nf3 Nc6 3.Bb5 a6 4.Ba4 Nf6 5.O-O b5 6.Bb3 Bc5 7.a4 Rb8 8.c3 d6 
9.d4 Bb6 10.a5 Ba7 11.h3 h6 12.Be3 exd4 13.cxd4 O-O 14.Nc3 Ra8 15.e5 Nd7 
16.Bd5 Bb7 17.Nxb5 Nxa5 18.Bxb7 Nxb7 19.Rxa6 Bb6 20.Rxa8 Qxa8 21.Nh4 dxe5 
22.Nf5 Qe8 23.Qg4 g6 24.Bxh6 Nf6 25.Qh4 Nh7 26.Bxf8 Nxf8 27.Nh6+ Kg7 28.
Ng4 Nh7 29.Qxh7+ 1-0

[Event "20th EUR-ch"]
[Site "Skopje MKD"]
[Date "2019.03.20"]
[Round "3"]
[White "Karaoglan, Doruk"]
[Black "Perunovic, Miodrag"]
[Result "1/2-1/2"]
[WhiteElo "2197"]
[BlackElo "2436"]
[EventDate "2019.03.18"]
[Board "122"]
[PlyCount "104"]

1.e4 c5 2.Nc3 Nc6 3.g3 g6 4.Bg2 Bg7 5.d3 d6 6.f4 Nf6 7.Nf3 Bg4 8.h3 Bxf3 
9.Qxf3 O-O 10.O-O Rb8 11.Qf2 Nd7 12.g4 e6 13.f5 Bd4 14.Be3 Qb6 15.Bxd4 
cxd4 16.Ne2 Qxb2 17.Nf4 Rbe8 18.g5 exf5 19.exf5 Re5 20.Rab1 Qxa2 21.Rxb7 
Ncb8 22.Qxd4 Qxc2 23.fxg6 hxg6 24.Nxg6 fxg6 25.Rxf8+ Kxf8 26.Qxd6+ Re7 27.
Rxb8+ Nxb8 28.Qd8+ Kf7 29.Bd5+ Re6 30.Qf6+ Ke8 31.Qxe6+ Kd8 32.Qf6+ Kc8 
33.Qf8+ Kc7 34.Qf4+ Kc8 35.Be6+ Kb7 36.Qb4+ Kc7 37.Qf4+ Kb7 38.Bd5+ Nc6 
39.Qb4+ Kc7 40.Qf4+ Kd7 41.Qg4+ Kc7 42.Qc4 Qd1+ 43.Kf2 Qd2+ 44.Kf3 Qd1+ 
45.Kg3 Qe1+ 46.Kg4 Qg1+ 47.Kf3 Qf1+ 48.Kg3 Qe1+ 49.Kh2 Qe5+ 50.Kh1 Qe1+ 
51.Kg2 Qe2+ 52.Kg3 Qe1+ 1/2-1/2

[Event "20th EUR-ch"]
[Site "Skopje MKD"]
[Date "2019.03.20"]
[Round "3"]
[White "Kourkoulos-Arditis, Stamatis"]
[Black "Krstevski, Vladimir"]
[Result "1-0"]
[WhiteElo "2435"]
[BlackElo "1451"]
[EventDate "2019.03.18"]
[Board "123"]
[PlyCount "63"]

1.Nf3 d5 2.g3 e6 3.Bg2 Nf6 4.O-O Be7 5.c4 c6 6.d4 O-O 7.Qc2 Nbd7 8.Nbd2 
Re8 9.e4 dxe4 10.Nxe4 Nxe4 11.Qxe4 Nf6 12.Qe2 c5 13.Rd1 cxd4 14.Nxd4 Qb6 
15.Nb5 Bd7 16.Be3 Qa5 17.Bxb7 Rab8 18.Bg2 Bxb5 19.cxb5 Qxb5 20.Qxb5 Rxb5 
21.Bc6 Rxb2 22.Bxe8 Nxe8 23.Bxa7 Nf6 24.Bd4 Rc2 25.a4 Nd5 26.a5 h6 27.a6 
Rc8 28.a7 Ra8 29.Rdb1 Bd6 30.Ra6 Bc7 31.Rb7 Kh7 32.Rc6 1-0

[Event "20th EUR-ch"]
[Site "Skopje MKD"]
[Date "2019.03.20"]
[Round "3"]
[White "Isik, Alparslan"]
[Black "Todorovic, Goran M"]
[Result "0-1"]
[WhiteElo "2180"]
[BlackElo "2429"]
[EventDate "2019.03.18"]
[Board "124"]
[PlyCount "74"]

1.d4 d5 2.c4 e6 3.Nf3 Nf6 4.g3 dxc4 5.Bg2 a6 6.O-O Nc6 7.e3 Rb8 8.Nfd2 e5 
9.Bxc6+ bxc6 10.dxe5 Nd5 11.Nxc4 Bh3 12.Re1 h5 13.Nba3 Bc5 14.e4 Bg4 15.
Qa4 Nb4 16.Be3 Be7 17.e6 Bxe6 18.Red1 Qc8 19.Ne5 h4 20.Nc2 hxg3 21.Nxb4 
gxh2+ 22.Kh1 Bxb4 23.Qxc6+ Kf8 24.Bg5 Bd6 25.Rxd6 cxd6 26.Qxd6+ Kg8 27.Nc6
Rb7 28.Rc1 Qa8 29.f3 Rh5 30.Qg3 Kh7 31.Rc2 f6 32.Rxh2 Rxh2+ 33.Qxh2+ Kg8 
34.Qd6 Qe8 35.Bf4 Rd7 36.Qb4 Rd1+ 37.Kh2 Qxc6 0-1

[Event "20th EUR-ch"]
[Site "Skopje MKD"]
[Date "2019.03.20"]
[Round "3"]
[White "Asllani, Muhamet"]
[Black "Parvanian, Ashot"]
[Result "0-1"]
[WhiteElo "2105"]
[BlackElo "2426"]
[EventDate "2019.03.18"]
[Board "125"]
[PlyCount "74"]

1.d4 Nf6 2.Nf3 g6 3.c4 Bg7 4.Nc3 O-O 5.g3 d6 6.Bg2 Nc6 7.O-O Bf5 8.b3 a6 
9.Bb2 Rb8 10.Rc1 Qd7 11.d5 Na5 12.Nd4 Bh3 13.e4 c5 14.dxc6 bxc6 15.Qe2 c5 
16.Nf3 Bxg2 17.Kxg2 e5 18.Nd5 Nc6 19.Rfd1 Nd4 20.Nxd4 exd4 21.Qd3 a5 22.
Rb1 Rfe8 23.f3 Nxd5 24.cxd5 a4 25.Bc1 Rb6 26.Bf4 Reb8 27.Rdc1 axb3 28.Rxb3
Qa4 29.Rxb6 Rxb6 30.Rc2 h6 31.h4 Rb4 32.Bxd6 c4 33.Qd2 c3 34.Qd3 Qb5 35.
Qd1 Rb1 36.Qe2 d3 37.Qxd3 Qxd3 0-1

[Event "20th EUR-ch"]
[Site "Skopje MKD"]
[Date "2019.03.20"]
[Round "3"]
[White "Filip, Andrei"]
[Black "Kozul, Zdenko"]
[Result "0-1"]
[WhiteElo "1894"]
[BlackElo "2619"]
[EventDate "2019.03.18"]
[Board "126"]
[PlyCount "60"]

1.e4 c5 2.Nf3 e6 3.d4 cxd4 4.Nxd4 a6 5.c4 Nf6 6.Nc3 Qc7 7.a3 b6 8.Be2 Bb7 
9.f3 Nc6 10.Be3 Nxd4 11.Bxd4 Bd6 12.Bf2 O-O 13.Qb3 Bc5 14.Bxc5 Qxc5 15.Na4
Qg5 16.O-O Bc6 17.Nc3 Nh5 18.Qc2 Nf4 19.Bd3 Rac8 20.Kh1 h6 21.Rac1 b5 22.
cxb5 Nxd3 23.Qxd3 Bxb5 24.Qd6 Rc6 25.Qd4 Bxf1 26.Rxf1 d6 27.Rd1 Rb8 28.Qf2
Qc5 29.Qe2 Qc4 30.Qd2 Qb3 0-1

[Event "20th EUR-ch"]
[Site "Skopje MKD"]
[Date "2019.03.20"]
[Round "3"]
[White "Tate, Alan"]
[Black "Bosiocic, Marin"]
[Result "0-1"]
[WhiteElo "2306"]
[BlackElo "2614"]
[EventDate "2019.03.18"]
[Board "127"]
[PlyCount "43"]

1.e4 c5 2.Nf3 e6 3.d4 cxd4 4.Nxd4 Nc6 5.Nc3 Qc7 6.f4 a6 7.Nxc6 Qxc6 8.Bd3 
b5 9.Qe2 Bc5 10.Bd2 Bb7 11.O-O-O Ne7 12.a3 O-O 13.Rhe1 Rac8 14.Qh5 f5 15.
g4 g6 16.Qh4 Rf7 17.Kb1 b4 18.axb4 Bxb4 19.Re2 Qb6 20.Qe1 Bxc3 21.Bxc3 
fxg4 22.e5 0-1

[Event "20th EUR-ch"]
[Site "Skopje MKD"]
[Date "2019.03.20"]
[Round "3"]
[White "Goganov, Aleksey"]
[Black "Ibanez Aullana, Ramon"]
[Result "1-0"]
[WhiteElo "2610"]
[BlackElo "2283"]
[EventDate "2019.03.18"]
[Board "128"]
[PlyCount "109"]

1.e4 e5 2.Nf3 Nc6 3.Bc4 Nf6 4.d3 Bc5 5.O-O a6 6.c3 Ba7 7.a4 d6 8.Na3 h6 9.
Nc2 O-O 10.Be3 Be6 11.Bxe6 fxe6 12.Re1 Qe7 13.Bxa7 Rxa7 14.d4 Nd7 15.Ne3 
Qf7 16.Qe2 g5 17.d5 exd5 18.Nxd5 Nf6 19.Nxf6+ Qxf6 20.Nd2 Rf7 21.Nc4 Qg6 
22.b4 b6 23.f3 a5 24.Ne3 axb4 25.Qb5 Na5 26.Qe8+ Kh7 27.cxb4 Nb3 28.Ra3 
Nd4 29.Qc8 h5 30.a5 g4 31.fxg4 Qxe4 32.Qd8 Ne2+ 33.Kh1 Qxb4 34.Raa1 Rxa5 
35.Qe8 Qb3 36.Rab1 Qa2 37.Rb2 Ra8 38.Rxa2 Rxe8 39.Raxe2 hxg4 40.Nxg4 Ref8 
41.Kg1 b5 42.Rb2 Rf4 43.Ne3 c6 44.Rc1 Re4 45.Rf2 Rd8 46.Nf5 Rc4 47.Rd1 d5 
48.Ne7 b4 49.Rdf1 Kh8 50.Ng6+ Kg8 51.Rf7 e4 52.h4 e3 53.h5 Rg4 54.Re7 Rf8 
55.Rxf8# 1-0

[Event "20th EUR-ch"]
[Site "Skopje MKD"]
[Date "2019.03.20"]
[Round "3"]
[White "Gueci, Tea"]
[Black "Georgiev, Kiril"]
[Result "0-1"]
[WhiteElo "2252"]
[BlackElo "2595"]
[EventDate "2019.03.18"]
[Board "129"]
[PlyCount "74"]

1.e4 c5 2.Nf3 d6 3.d4 cxd4 4.Nxd4 Nf6 5.Nc3 a6 6.h3 e6 7.g4 h6 8.Bg2 g5 9.
Be3 Nbd7 10.Qe2 Ne5 11.f4 gxf4 12.Bxf4 Qc7 13.O-O-O b5 14.Rhf1 Nfd7 15.Kb1
Bb7 16.Qf2 O-O-O 17.Nb3 Bg7 18.Be3 Nc4 19.Bd4 Bxd4 20.Qxd4 Nde5 21.a3 Kb8 
22.Nc1 h5 23.gxh5 Rxh5 24.Nd3 Rg8 25.Nf4 Rh4 26.Bh1 Qc5 27.Qxc5 dxc5 28.
Nce2 Kc7 29.Kc1 Ne3 30.Rg1 Nxd1 31.Rxg8 Nf2 32.Rg5 Kd6 33.Bg2 Bxe4 34.Bxe4
Nxe4 35.Rg8 Nc6 36.Rg4 Rxg4 37.hxg4 Ne5 0-1

[Event "20th EUR-ch"]
[Site "Skopje MKD"]
[Date "2019.03.20"]
[Round "3"]
[White "Filip, Lucian-Ioan"]
[Black "Unuk, Laura"]
[Result "1/2-1/2"]
[WhiteElo "2438"]
[BlackElo "2266"]
[EventDate "2019.03.18"]
[Board "130"]
[PlyCount "27"]

1.c4 e6 2.Nf3 d5 3.d4 Nf6 4.g3 Be7 5.Bg2 O-O 6.O-O dxc4 7.Ne5 c5 8.dxc5 
Qc7 9.Nxc4 Rd8 10.Qb3 Nc6 11.Be3 Nd4 12.Bxd4 Rxd4 13.Nbd2 Bxc5 14.Rac1 
1/2-1/2

[Event "20th EUR-ch"]
[Site "Skopje MKD"]
[Date "2019.03.20"]
[Round "3"]
[White "Jarvenpaa, Jari"]
[Black "Druska, Juraj"]
[Result "0-1"]
[WhiteElo "2243"]
[BlackElo "2434"]
[EventDate "2019.03.18"]
[Board "131"]
[PlyCount "64"]

1.d4 Nf6 2.Nf3 e6 3.Bg5 h6 4.Bh4 b6 5.Nbd2 Bb7 6.e3 Be7 7.c3 c5 8.a4 d6 9.
a5 Nbd7 10.Qa4 Rc8 11.h3 O-O 12.axb6 axb6 13.Rd1 Ra8 14.Qc2 Qc7 15.Bb5 Ra5
16.Bd3 Rfa8 17.O-O b5 18.e4 cxd4 19.Nb3 Ra2 20.Nc1 Ra1 21.Nxd4 b4 22.Ndb3 
R1a7 23.f3 bxc3 24.Bf2 Ra4 25.bxc3 d5 26.exd5 Nxd5 27.Bb5 Rb4 28.Nd4 Rxb5 
29.Nxb5 Qc4 30.Nd4 Ra3 31.Nde2 Ne5 32.Bd4 Nc6 0-1

[Event "20th EUR-ch"]
[Site "Skopje MKD"]
[Date "2019.03.20"]
[Round "3"]
[White "Banzea, Alexandru-Bogdan"]
[Black "Csiki, Endre"]
[Result "0-1"]
[WhiteElo "2427"]
[BlackElo "2251"]
[EventDate "2019.03.18"]
[Board "132"]
[PlyCount "39"]

1.e4 c5 2.Nf3 d6 3.d4 cxd4 4.Nxd4 Nf6 5.Nc3 e5 6.Bb5+ Nbd7 7.Nf5 a6 8.Be2 
Nc5 9.Ng3 h6 10.O-O Be7 11.Qe1 Be6 12.Bf3 Qc8 13.Nf5 O-O 14.a4 Qe8 15.g4 
Nh7 16.Be3 Bxf5 17.exf5 Bg5 18.Bd5 Nf6 19.Bxg5 hxg5 20.Bg2 0-1

[Event "20th EUR-ch"]
[Site "Skopje MKD"]
[Date "2019.03.20"]
[Round "3"]
[White "Arsovic, Zoran"]
[Black "Ingebretsen, Jens E"]
[Result "0-1"]
[WhiteElo "2422"]
[BlackElo "2243"]
[EventDate "2019.03.18"]
[Board "133"]
[PlyCount "109"]

1.c4 e5 2.Nc3 Nf6 3.Nf3 Nc6 4.a3 d5 5.cxd5 Nxd5 6.Qc2 Be6 7.e3 Be7 8.Bb5 
f6 9.d4 Nxc3 10.Qxc3 Qd5 11.Bxc6+ bxc6 12.O-O e4 13.Nd2 O-O 14.b3 Bd6 15.
Nc4 Rab8 16.Ra2 Bg4 17.Nxd6 Rxb3 18.Qc4 cxd6 19.Qxd5+ cxd5 20.h3 Bd7 21.
Bd2 Rc8 22.Bb4 Bb5 23.Re1 Rc6 24.Raa1 Kf7 25.Rec1 Bc4 26.Rab1 Rxb1 27.Rxb1
Ra6 28.Kh2 Ke6 29.h4 Kd7 30.Kg3 Ra4 31.Ra1 h5 32.Kf4 g6 33.Be1 Ra6 34.Bb4 
Rb6 35.Rc1 Rb5 36.Rc2 a5 37.Bc3 a4 38.Bb4 Rxb4 39.axb4 Kc6 40.f3 exf3 41.
gxf3 a3 42.e4 a2 43.Rc1 Kb5 44.Ke3 Kxb4 45.Kd2 Kb3 46.Rc3+ Kb2 47.Rc2+ Ka3
48.Rc1 Be2 49.Kxe2 Kb2 50.Kd2 a1=Q 51.Rxa1 Kxa1 52.Ke3 Kb2 53.f4 Kc3 54.f5
gxf5 55.exf5 0-1

[Event "20th EUR-ch"]
[Site "Skopje MKD"]
[Date "2019.03.20"]
[Round "3"]
[White "Nikitenko, Mihail"]
[Black "Polatel, Ali"]
[Result "1-0"]
[WhiteElo "2408"]
[BlackElo "2220"]
[EventDate "2019.03.18"]
[Board "134"]
[PlyCount "78"]

1.e4 c6 2.Nf3 d5 3.Nc3 Bg4 4.h3 Bxf3 5.Qxf3 e6 6.d3 Nd7 7.Bd2 Ngf6 8.g4 g6
9.Bg2 Bg7 10.Qg3 Qb6 11.O-O-O O-O-O 12.e5 Ne8 13.f4 f6 14.exf6 Bxf6 15.
Rhe1 Nc7 16.h4 Kb8 17.Re2 Rhe8 18.g5 Bg7 19.Bh3 c5 20.Rde1 Qd6 21.h5 Re7 
22.h6 Bh8 23.Nd1 b5 24.Kb1 c4 25.a3 Qb6 26.f5 gxf5 27.Bxf5 e5 28.Rg1 Nf8 
29.d4 Nfe6 30.Bxe6 Qxe6 31.dxe5 Rg8 32.Bb4 Rd7 33.Bd6 Kb7 34.Ne3 Ne8 35.
Qf3 Nxd6 36.Nxd5 Nc8 37.Nf6+ Kb8 38.Nxg8 Qxg8 39.e6 Re7 1-0

[Event "20th EUR-ch"]
[Site "Skopje MKD"]
[Date "2019.03.20"]
[Round "3"]
[White "Van Dael, Siem"]
[Black "Fernandes, Antonio"]
[Result "1/2-1/2"]
[WhiteElo "2207"]
[BlackElo "2405"]
[EventDate "2019.03.18"]
[Board "135"]
[PlyCount "101"]

1.e4 c5 2.Nf3 d6 3.d4 cxd4 4.Nxd4 Nf6 5.Nc3 a6 6.Be3 Bd7 7.f3 Nc6 8.Qd2 e6
9.O-O-O b5 10.Nxc6 Bxc6 11.Ne2 Qc7 12.Nd4 Bb7 13.g4 Nd7 14.Rg1 Nb6 15.Kb1 
Be7 16.g5 g6 17.Nxb5 axb5 18.Qd4 O-O 19.Qxb6 Qxb6 20.Bxb6 Bc6 21.Bd4 e5 
22.Bc3 h6 23.h4 Kh7 24.Bb4 Rad8 25.Be2 f5 26.gxf6 Rxf6 27.h5 gxh5 28.Rh1 
Be8 29.Rd5 Rb8 30.Rhd1 Rb6 31.Ba5 Ra6 32.b4 Ra7 33.Bb6 Rb7 34.Bf2 Rg6 35.
Bf1 Bc6 36.R5d3 Bd7 37.Bc5 dxc5 38.Rxd7 Rxd7 39.Rxd7 Rg7 40.bxc5 Bxc5 41.
Bxb5 h4 42.Rxg7+ Kxg7 43.Bd7 Bd4 44.c4 Kf6 45.Kc2 Ke7 46.Bc8 Kd6 47.Kb3 
Kc5 48.a4 Kb6 49.Kb4 Bc5+ 50.Kb3 Be3 51.Kb4 1/2-1/2

[Event "20th EUR-ch"]
[Site "Skopje MKD"]
[Date "2019.03.20"]
[Round "3"]
[White "Duzhakov, Ilya"]
[Black "Schnabel, Ralf"]
[Result "1/2-1/2"]
[WhiteElo "2405"]
[BlackElo "2205"]
[EventDate "2019.03.18"]
[Board "136"]
[PlyCount "120"]

1.e4 Nf6 2.e5 Nd5 3.d4 d6 4.Nf3 dxe5 5.Nxe5 c6 6.Be2 Nd7 7.Nf3 N7f6 8.c4 
Nb6 9.h3 Bf5 10.O-O e6 11.Nc3 Ne4 12.Bf4 Nxc3 13.bxc3 Be7 14.Bd3 Bxd3 15.
Qxd3 O-O 16.Rfd1 h6 17.a4 Qc8 18.Nd2 Nd7 19.Qg3 Kh8 20.Ne4 Nf6 21.Be5 Rg8 
22.Qf4 Qd8 23.Rab1 b6 24.a5 Kh7 25.axb6 axb6 26.Nxf6+ Bxf6 27.Bxf6 gxf6 
28.Qe4+ f5 29.Qxc6 Rc8 30.Qxb6 Rxc4 31.Qb7 Rxc3 32.Qxf7+ Rg7 33.Qxe6 Qg5 
34.Qd5 Rxh3 35.Rd2 Rh5 36.Rdb2 Qh4 37.g3 Qh2+ 38.Kf1 Qh3+ 39.Kg1 Qh2+ 40.
Kf1 Qh3+ 41.Qg2 Qxg2+ 42.Kxg2 f4 43.Rb7 Rd5 44.Rxg7+ Kxg7 45.Rb4 fxg3 46.
Kxg3 Kf6 47.Kf4 Rf5+ 48.Ke3 h5 49.Rb8 Kg7 50.Rc8 Rf6 51.Rc7+ Kg8 52.Rc1 
Kf7 53.Rh1 Re6+ 54.Kf4 Rf6+ 55.Kg3 Rf5 56.f4 Rd5 57.Rd1 Kf6 58.Kf3 Kf5 59.
Ke3 h4 60.Rg1 Kf6 1/2-1/2

[Event "20th EUR-ch"]
[Site "Skopje MKD"]
[Date "2019.03.20"]
[Round "3"]
[White "Gadimbayli, Abdulla"]
[Black "Chigaeva, Anastasia"]
[Result "1-0"]
[WhiteElo "2404"]
[BlackElo "2167"]
[EventDate "2019.03.18"]
[Board "137"]
[PlyCount "43"]

1.e4 e6 2.d4 d5 3.Nd2 c5 4.Ngf3 cxd4 5.Nxd4 Nf6 6.exd5 Nxd5 7.N2f3 Be7 8.
c3 O-O 9.Bc4 b6 10.O-O Bb7 11.Qe2 Kh8 12.Rd1 a6 13.Ne5 b5 14.Bd3 Qb6 15.
Qh5 Nf6 16.Qh4 Qc5 17.Bg5 h6 18.Bxh6 gxh6 19.Qxh6+ Kg8 20.Ng6 fxg6 21.
Qxg6+ Kh8 22.Nxe6 1-0

[Event "20th EUR-ch"]
[Site "Skopje MKD"]
[Date "2019.03.20"]
[Round "3"]
[White "De Seroux, Camille"]
[Black "Nikolovski, Nikola"]
[Result "0-1"]
[WhiteElo "2160"]
[BlackElo "2404"]
[EventDate "2019.03.18"]
[Board "138"]
[PlyCount "63"]

1.e4 e6 2.d4 d5 3.Nd2 Nf6 4.e5 Nfd7 5.Bd3 c5 6.c3 Nc6 7.Ne2 cxd4 8.cxd4 f6
9.exf6 Nxf6 10.O-O Bd6 11.Nf3 Qc7 12.Bd2 O-O 13.Rc1 a6 14.a3 Bd7 15.Ng3 
Qb6 16.Bc3 Bf4 17.Rc2 g6 18.Re2 Rf7 19.Rfe1 Re8 20.Bb1 Ng4 21.Ba2 Kg7 22.
Nf1 Qc7 23.h3 Nf6 24.Bd2 Ne4 25.Bxf4 Rxf4 26.N1d2 Nxd2 27.Rxd2 Rxf3 28.
gxf3 Qf4 29.Kg2 Qg5+ 30.Kh2 Qf4+ 31.Kg2 Rf8 32.Kg1 0-1

[Event "20th EUR-ch"]
[Site "Skopje MKD"]
[Date "2019.03.20"]
[Round "3"]
[White "Osmak, Iulija"]
[Black "Hesse, Henrik"]
[Result "1/2-1/2"]
[WhiteElo "2399"]
[BlackElo "2165"]
[EventDate "2019.03.18"]
[Board "139"]
[PlyCount "60"]

1.d4 Nf6 2.Bf4 d5 3.e3 c5 4.c3 Nc6 5.Nd2 e6 6.Ngf3 cxd4 7.exd4 Nh5 8.Be3 
Bd6 9.Ne5 g6 10.Nd3 O-O 11.g3 e5 12.dxe5 Bxe5 13.Nxe5 Nxe5 14.Be2 Nf6 15.
O-O Bh3 16.Re1 Ne4 17.Nf3 Nxf3+ 18.Bxf3 Qf6 19.Bh1 Rad8 20.Qd4 Qxd4 21.
Bxd4 b6 22.Bxe4 dxe4 23.Rxe4 Rfe8 24.Rae1 Rxe4 25.Rxe4 Be6 26.a3 Kf8 27.f3
Ke7 28.Kf2 Rd6 29.Be3 Rc6 30.Ke2 h5 1/2-1/2

[Event "20th EUR-ch"]
[Site "Skopje MKD"]
[Date "2019.03.20"]
[Round "3"]
[White "Saraci, Nderim"]
[Black "Marinskii, Yurii"]
[Result "1-0"]
[WhiteElo "2391"]
[BlackElo "2156"]
[EventDate "2019.03.18"]
[Board "140"]
[PlyCount "110"]

1.d4 d5 2.Bf4 Nf6 3.e3 Bf5 4.c4 c6 5.Qb3 Qb6 6.Nc3 Qxb3 7.axb3 a6 8.h3 e6 
9.c5 Nbd7 10.b4 Rc8 11.Nf3 Ne4 12.Bh2 Be7 13.Nxe4 Bxe4 14.Nd2 Bd8 15.Bd6 
f6 16.Nb3 Be7 17.Bh2 Bd8 18.f3 Bg6 19.Kd2 Kf7 20.Na5 Bxa5 21.bxa5 e5 22.
Ra4 Rhe8 23.Rb4 Rb8 24.Be2 Bf5 25.Ra1 Re7 26.Bf1 Ke8 27.Ra3 Kd8 28.g4 Bg6 
29.Rab3 Kc7 30.f4 Bf7 31.Bd3 Bg6 32.Be2 Kc8 33.f5 Bf7 34.Bg3 Kc7 35.h4 h6 
36.g5 hxg5 37.hxg5 Ree8 38.g6 Bg8 39.Bd3 Re7 40.Rc3 Ra8 41.Ra4 Rae8 42.Ra1
Rd8 43.Rh1 Rde8 44.Rh8 Rd8 45.Rc1 Rde8 46.Re1 Kd8 47.b4 Bf7 48.Rxe8+ Bxe8 
49.Rh1 Kc8 50.Rh8 Nb8 51.dxe5 fxe5 52.Bh4 Kd7 53.Bxe7 Kxe7 54.f6+ Kxf6 55.
Rxe8 Nd7 1-0

[Event "20th EUR-ch"]
[Site "Skopje MKD"]
[Date "2019.03.20"]
[Round "3"]
[White "Mihov, Filip"]
[Black "Plenkovic, Zdenko"]
[Result "0-1"]
[WhiteElo "2152"]
[BlackElo "2383"]
[EventDate "2019.03.18"]
[Board "141"]
[PlyCount "80"]

1.d4 g6 2.c4 Bg7 3.Nc3 d6 4.e4 Nd7 5.Nf3 e5 6.Be2 Ne7 7.O-O O-O 8.Be3 b6 
9.Qc2 c5 10.d5 h6 11.Nb5 Nf6 12.Nd2 g5 13.a3 Ng6 14.Rfc1 Nf4 15.Bf1 Ng4 
16.b4 a6 17.Nc3 Nxe3 18.fxe3 Ng6 19.Be2 g4 20.Nf1 h5 21.Rab1 Ra7 22.Bd3 
Bd7 23.Re1 h4 24.Qb2 Qe7 25.bxc5 bxc5 26.Qb6 Rfa8 27.Qa5 Qg5 28.Rb6 Qd8 
29.Reb1 Nf4 30.exf4 exf4 31.Nd1 Bd4+ 32.Kh1 Rb7 33.Rxa6 Qxa5 34.Rxa5 Rxa5 
35.Rxb7 Rxa3 36.Bb1 Ba4 37.Nb2 Bb3 38.Nd2 Ba2 39.e5 Bxb1 40.exd6 Bf5 0-1